000
00325nam a2200133Ia 4500
005
20251222143135.0
008
251222s9999||||xx |||||||||||||| ||spa||
020
_a
84-226-0669-0
082
_a
818.5/S59E
100
_a
Slaughter, Frank Gill
245
0
_a
Esposas de Médicos
264
_b
Círculo de lectores
942
_c
LIB
999
_c
12084
_d
12084